000 00331nam a2200097Ia 4500
005 20250424112855.0
008 250424s9999 xx 000 0 und d
300 _a386 p. :ill. ; 28 cm.
650 _aMedicine--Periodicals. Medicine--China--Periodicals. Medicine, Chinese--Periodicals. Integrative medicine--Periodicals.
942 _cSR
999 _c37630
_d37630